[Event "GRE-chT 42nd"]
[Site "Porto Rio"]
[Date "2014.06.30"]
[Round "4.6"]
[White "Gliagia, Stergiani"]
[Black "Agriopoulou, Stavroula"]
[Result "0-1"]
[WhiteElo "1381"]
[BlackElo "1247"]
[PlyCount "84"]
[EventDate "2014.06.28"]
[EventType "team-swiss"]
[EventRounds "7"]
[EventCountry "GRE"]
[SourceTitle "CBM 161 Extra"]
[Source "ChessBase"]
[SourceDate "2014.08.29"]
[SourceVersion "1"]
[SourceVersionDate "2014.08.29"]
[SourceQuality "1"]
[WhiteTeam "Ptolemaida Ptolemaios"]
[BlackTeam "AEK"]
[WhiteTeamCountry "GRE"]
[BlackTeamCountry "GRE"]

1. e4 d5 2. exd5 Qxd5 3. Nc3 Qd6 4. Nf3 Nf6 5. Bc4 c6 6. d4 Bg4 7. Be3 e6 8. h3 Bh5 9. Qd2 b5 10. Bf4 Qd8 11. Nxb5 cxb5 12. Bxb5+ Nbd7 13. Ne5 Be7 14. Bg5 0-0 15. Nc6 Qe8 16. Qa5 h6 17. Nxe7+ Qxe7 18. Bxd7 hxg5 19. Ba4 Nh7 20. 0-0 Rfd8 21. Qd2 g4 22. hxg4 Bxg4 23. Rfc1 Qg5 24. Qxg5 Nxg5 25. c3 Rab8 26. b3 Rdc8 27. Rc2 Bf5 28. Rcc1 Ne4 29. c4 Rd8 30. f3 Nf6 31. Rd1 Nd7 32. d5 Nb6 33. Bc6 exd5 34. cxd5 Bd7 35. Rd3 Bxc6 36. d6 Nd5 37. a4 Rxd6 38. a5 Rbd8 39. Rdd1 Nc3 40. Rf1 Rd1 41. Kh2 Rxf1 42. Rxf1 Rb8 0-1